000 00612nam a2200205Ia 4500
001 15403
003 GE_BSU
008 181216s||||||||xx |||||||||||||| ||und||
040 _cGE_BSU
080 _a821.133.1-31
100 _aქორქია,როდიონ
245 _aმწვანე კარავი
245 _cრედ.გ.ნატროშვილი. მხატვ.ა.ბუაძე
260 _aთბილისი
260 _bნაკადული
260 _c1962
300 _a187გვ.22სმ.
653 _aმწვანე კარავი
942 _cBK
999 _c48506
_d48506